<?xml version="1.0" encoding="UTF-8"?><?xml-stylesheet type="text/xsl" href="static/style.xsl"?><OAI-PMH xmlns="http://www.openarchives.org/OAI/2.0/" xmlns:xsi="http://www.w3.org/2001/XMLSchema-instance" xsi:schemaLocation="http://www.openarchives.org/OAI/2.0/ http://www.openarchives.org/OAI/2.0/OAI-PMH.xsd"><responseDate>2026-04-13T18:30:53Z</responseDate><request verb="GetRecord" identifier="oai:www.recercat.cat:2072/274907" metadataPrefix="marc">https://recercat.cat/oai/request</request><GetRecord><record><header><identifier>oai:recercat.cat:2072/274907</identifier><datestamp>2024-12-13T09:39:43Z</datestamp><setSpec>com_2072_63437</setSpec><setSpec>com_2072_63434</setSpec><setSpec>com_2072_63412</setSpec><setSpec>com_2072_2015</setSpec><setSpec>col_2072_63438</setSpec></header><metadata><record xmlns="http://www.loc.gov/MARC21/slim" xmlns:dcterms="http://purl.org/dc/terms/" xmlns:xsi="http://www.w3.org/2001/XMLSchema-instance" xmlns:doc="http://www.lyncode.com/xoai" xsi:schemaLocation="http://www.loc.gov/MARC21/slim http://www.loc.gov/standards/marcxml/schema/MARC21slim.xsd">
   <leader>00925njm 22002777a 4500</leader>
   <datafield ind2=" " ind1=" " tag="042">
      <subfield code="a">dc</subfield>
   </datafield>
   <datafield ind2=" " ind1=" " tag="720">
      <subfield code="a">Capdeferro i Pla, Josep</subfield>
      <subfield code="e">author</subfield>
   </datafield>
   <datafield ind2=" " ind1=" " tag="520">
      <subfield code="a">Aquest text s’emmarca en dos projectes de recerca: a) SEJ2006-15051-C03-01 “El derecho histórico en los pueblos de España: ámbitos público y privado (siglos XII-XXI)”, dirigit per Tomàs de Montagut, catedràtic d’Història del Dret a la UPF; b) HAR2008-03291/HIST “La formación del estado borbónico (1700-1746), dirigit per Joaquim Albareda, catedràtic d’Història Moderna també a la UPF.</subfield>
   </datafield>
   <datafield ind1="8" ind2=" " tag="024">
      <subfield code="a">Capdeferro J. La literatura jurídica, un mirall entelat de les guerres, les revoltes i les paus en la Catalunya dels anys 1640-1700. En: Jané Ò, editor. Del tractat dels Pirineus a l’Europa del segle XXI: un model en construcció?: actes del congrés; Barcelona-Perpinyà, 17-20 juny de 2009. Barcelona: Generalitat de Catalunya, Museu d'Història de Catalunya; 2010. p. 291-304.</subfield>
   </datafield>
   <datafield ind1="8" ind2=" " tag="024">
      <subfield code="a">http://hdl.handle.net/10230/16072</subfield>
   </datafield>
   <datafield tag="653" ind2=" " ind1=" ">
      <subfield code="a">Literatura legal -- Catalunya – S. XVII -- Congressos</subfield>
   </datafield>
   <datafield tag="653" ind2=" " ind1=" ">
      <subfield code="a">Catalunya -- Història -- 1640-1652, Guerra dels Segadors -- Congressos</subfield>
   </datafield>
   <datafield tag="653" ind2=" " ind1=" ">
      <subfield code="a">Catalunya del Nord -- Història -- S. XVII – Congressos</subfield>
   </datafield>
   <datafield ind2="0" ind1="0" tag="245">
      <subfield code="a">La literatura jurídica, un mirall entelat de les guerres, les revoltes i les paus en la Catalunya dels anys 1640-1700</subfield>
   </datafield>
</record></metadata></record></GetRecord></OAI-PMH>